| 000 | 00858nam a2200241 a 4500 | ||
|---|---|---|---|
| 005 | 20210219160351.0 | ||
| 008 | 081022s1993 mx r 000 0 spa d | ||
| 020 | _a9683628923 | ||
| 035 | _aUPN01000164015 | ||
| 049 | _aUNE | ||
| 080 | _a396 (72) "1993" CON TomoII | ||
| 245 | 1 | 3 |
_aLa Condición de la mujer mexicana, tomo II / _ccompilado por Patricia Galeana |
| 260 |
_aMéxico : _bUNAM; _bFMU, _c1993. |
||
| 300 |
_a177 p. ; _bcuadr. |
||
| 500 | _aIncluye bibliografía | ||
| 690 | _aDerechos de la mujer- Empleo de la mujer- Mexico | ||
| 690 | _aMujeres- Mexico | ||
| 690 | _aMexico- Mujeres | ||
| 710 | 2 | _aUniversidad Nacional Autónoma de México | |
| 710 | 2 | _aFMU. Federación Mexicana de Universitarias | |
| 711 | 2 | _aSeminario Nacional sobre La Condición de la Mujer Mexicana,1990 : Ciudad de Puebla, Puebla, México | |
| 905 | _aUNESCO | ||
| 999 |
_c136128 _d136128 |
||